Oficios y Profesiones en Inglés - Estadísticas

Estadísticas generales
  • Esta prueba ha sido intentada 208 veces
  • La puntuación promedio es 20 de 25
Estadísticas de respuestas
Inglés Español % Correcto
cook cocinero / cocinera
98%
gardener jardinero / jardinera
96%
firefighter bombero / bombera
95%
teacher maestro / maestra / docente / profesor / profesora
95%
judge juez / jueza / magistrado / magistrada
94%
musician músico / música
94%
soldier soldado / militar
94%
singer cantante
93%
engineer ingeniero / ingeniera / maquinista / mecánico / mecánica
92%
nurse enfermero / enfermera
91%
writer escritor / escritora
90%
lawyer abogado / abogada / jurista / letrado
89%
scientist científico / científica
89%
farmer agricultor / agricultora / granjero / granjera / labrador
88%
baker panadero / panadera / pastelero / pastelero
88%
accountant contador / contadora / contable
84%
cashier cajero / cajera
81%
shoemaker zapatero / zapatera
79%
journalist periodista
74%
plumber plomero / plomera / fontanero / fontanera
67%
mailman cartero
65%
lifeguard salvavidas
62%
surgeon cirujano / cirujana
61%
physician médico / médica / doctor / doctora
33%
librarian blibliotecario / blibliotecaria
4%
No se encontraron pruebas coincidentes
Distribución de puntuación
Porcentaje de gente con cada puntuación
Porcentaje por número respondido
Historial de tus puntuaciones
No has intentado esta prueba.